Home Print Resources E-Books E-Journals IIMT Lecture Series Library Membership Form Book Recommendation Form Campus Tour Take AdmissionAbout Us Contact Us

ESSENTIALS OF STRATEGIC MANAGEMENT (Record no. 57205)

000 -LEADER
fixed length control field 00411nam a22001577a 4500
003 - CONTROL NUMBER IDENTIFIER
control field OSt
005 - DATE AND TIME OF LATEST TRANSACTION
control field 20231003054242.0
008 - FIXED-LENGTH DATA ELEMENTS--GENERAL INFORMATION
fixed length control field 231003b |||||||| |||| 00| 0 eng d
040 ## - CATALOGING SOURCE
Transcribing agency NOIDA,IIMT COLLEGE OF MANAGEMENT
100 ## - MAIN ENTRY--PERSONAL NAME
Personal name HUNGER, DAVID J.
245 ## - TITLE STATEMENT
Title ESSENTIALS OF STRATEGIC MANAGEMENT
250 ## - EDITION STATEMENT
Edition statement 3RD
260 ## - PUBLICATION, DISTRIBUTION, ETC.
Place of publication, distribution, etc. NEW DELHI
Name of publisher, distributor, etc. PRENTICE HALL OF INDIA
Date of publication, distribution, etc. 2003
300 ## - PHYSICAL DESCRIPTION
Extent 191
942 ## - ADDED ENTRY ELEMENTS (KOHA)
Source of classification or shelving scheme
Koha item type Book Bank
Edition 3RD
Holdings
Withdrawn status Lost status Source of classification or shelving scheme Damaged status Not for loan Home library Current library Date acquired Source of acquisition Cost, normal purchase price Inventory number Total Checkouts Barcode Date last seen Price effective from Koha item type
          NOIDA College IIMT College of Management NOIDA College IIMT College of Management 10/13/2021 UNKNOWN 150.00 TRANSFER   09-B-18492 10/03/2023 10/03/2023 Book Bank
          NOIDA College IIMT College of Management NOIDA College IIMT College of Management 10/13/2021 UNKNOWN 150.00 TRANSFER   09-B-18493 10/03/2023 10/03/2023 Book Bank
          NOIDA College IIMT College of Management NOIDA College IIMT College of Management 10/13/2021 UNKNOWN 150.00 TRANSFER   09-B-18494 10/03/2023 10/03/2023 Book Bank
          NOIDA College IIMT College of Management NOIDA College IIMT College of Management 10/13/2021 UNKNOWN 150.00 TRANSFER   09-B-18495 10/03/2023 10/03/2023 Book Bank
          NOIDA College IIMT College of Management NOIDA College IIMT College of Management 10/13/2021 UNKNOWN 150.00 TRANSFER   09-B-18496 10/03/2023 10/03/2023 Book Bank
          NOIDA College IIMT College of Management NOIDA College IIMT College of Management 10/13/2021 UNKNOWN 150.00 TRANSFER   09-B-18497 10/03/2023 10/03/2023 Book Bank
          NOIDA College IIMT College of Management NOIDA College IIMT College of Management 10/13/2021 UNKNOWN 150.00 TRANSFER   09-B-18498 10/03/2023 10/03/2023 Book Bank
          NOIDA College IIMT College of Management NOIDA College IIMT College of Management 10/13/2021 UNKNOWN 150.00 TRANSFER   09-B-18499 10/03/2023 10/03/2023 Book Bank
          NOIDA College IIMT College of Management NOIDA College IIMT College of Management 10/13/2021 UNKNOWN 150.00 TRANSFER   09-B-18500 10/03/2023 10/03/2023 Book Bank
IIMT, Central Library. All Rights Reserved IIMT,UNIVERSITY © 2023
Implemented and Customised by I CLOUDE EMS
You Are OPAC Visitor No
free web counter

Powered by Koha